00845pam a2200265 a 4500001000500000005001700005020001500022040002300037050002100060082001300081100001800094245005700112250004500169260003600214300004900250500003200299505000800331520004900339521002000388521002000408650004600428650005000474650002600524650002900550322520260325103504.0 a0590444085 aDLCcDLCdDLCbeng00aQC981.G53b 199000a551.60141 aGibbons, Gail10aWeather words and what they mean /cby Bibbons, Gail aFirst Scholastic printing, February 1991 aNew York :bScholastic , c1990 a32 pages : bcolor illustrations ;c21 cm .  aCover title: Weather words. aN  aIntroduces basic weather terms and concepts. a590 bLexile  aN bRaz-Plus  0aWeatherxTerminologyxJuvenile literature 0aMeteorologyxTerminologyxJuvenile literature 1aWeatherxTerminology. 1aMeteorologyxTerminology